000 00773cab a2200241 4500
001 WB3034-39
008 090401t1994 xxu||||| |||| 00| 0 eng d
035 _a(Sirsi) u47104
041 _aeng
245 2 _aA window to agency success
260 _c1994
350 _a0
490 _aNegotiator
_v9(18) 8 September 1994, 4(1)
520 _aDescribes Estate 2000 an entirely new Microsoft Windows based estate agency system which includes many features not previously available in estate agency software.
650 _aESTATE 2000
650 _aESTATE AGENCY
650 _aMICROSOFT WINDOWS
650 _aSOFTWARE PACKAGES
650 _aTREND COMPUTERS
690 _aMANAGEMENT-BUSINESS MANAGEMENT-INFORMATION MANAGEMENT
942 _n0
948 _c04/03/1997
999 _c29708
_d29708